Mixed Word: Missing Word Quiz Stats

 Plays Quiz Updated Jul 25, 2012

Support Sporcle.
Go Orange.
Score 0/20 Timer 04:00
0 Plays Today
MISSING PIECES MISSING IDENTITIES % Correct
OGNEGONE
99.2%
SOTLLOST
94.9%
FLET UTOLEFT OUT
89.3%
ARF MORF RHEEFAR FROM HERE
85.6%
TOU FO SHTIGOUT OF SIGHT
81.1%
ONT ERSTENPNOT PRESENT
78.5%
WOHREEN OT EB DOFUNNOWHERE TO BE FOUND
74.9%
INDHEDHIDDEN
74.5%
OMHERWEES SLEESOMEWHERE ELSE
73.3%
DENASHIVVANISHED
70.3%
MISSING PIECES MISSING IDENTITIES % Correct
YATRASASTRAY
69.5%
LAPGINY OHYOKPLAYING HOOKY
65.2%
BENTAS THOWITU EVEALABSENT WITHOUT LEAVE
64.3%
CANUCUNODET ORFUNACCOUNTED FOR
64%
ANTRUTTRUANT
61.5%
PARDISAPDEEDISAPPEARED
58.3%
NCALGIKLACKING
57.6%
IMSLADIMISLAID
45.7%
TEDOTIMOMITTED
33.4%
AMPLISDECMISPLACED
24.5%

From the Vault

Geographically Closest US States: A

by Cutthroat

Geography 30s
Click 'A' state. Then click another. And repeat.
Remove Ads.
Support Sporcle.
Get the best of Sporcle when you Go Orange. This ad-free experience offers more features, more stats, and more fun while also helping to support Sporcle. Thank you for becoming a member.

Show Comments

Extras

Top Quizzes Today


Score Distribution

Your Account Isn't Verified!

In order to create a playlist on Sporcle, you need to verify the email address you used during registration. Go to your Sporcle Settings to finish the process.

Report this User

Report this user for behavior that violates our Community Guidelines.

Details: